Evaluation Methodology for Training (Record no. 344775)
[ view plain ]
| 000 -LEADER | |
|---|---|
| fixed length control field | 00396 a2200145 4500 |
| 020 ## - INTERNATIONAL STANDARD BOOK NUMBER | |
| International Standard Book Number | 8120401816 |
| 082 ## - DEWEY DECIMAL CLASSIFICATION NUMBER | |
| Classification number | 001.4 |
| 090 ## - LOCALLY ASSIGNED LC-TYPE CALL NUMBER (OCLC); LOCAL CALL NUMBER (RLIN) | |
| -- | 2273 |
| -- | 2273 |
| 100 ## - MAIN ENTRY--PERSONAL NAME | |
| Personal name | Bhatnagar,O.P. |
| 245 ## - TITLE STATEMENT | |
| Title | Evaluation Methodology for Training |
| Remainder of title | Theory and Practice |
| Statement of responsibility, etc. | O.P.Bhatnagar |
| 260 ## - PUBLICATION, DISTRIBUTION, ETC. | |
| Place of publication, distribution, etc. | New Delhi |
| Name of publisher, distributor, etc. | Oxford & IBH Publishing Co. |
| Date of publication, distribution, etc. | 1987 |
| 300 ## - PHYSICAL DESCRIPTION | |
| Extent | 284p |
| 500 ## - GENERAL NOTE | |
| General note | Hard cover |
| 942 ## - ADDED ENTRY ELEMENTS (KOHA) | |
| Institution code [OBSOLETE] | NBS |
| Koha item type | Book |
| Call number prefix | 001.4 BHA |
| Withdrawn status | Lost status | Source of classification or shelving scheme | Damaged status | Not for loan | Collection code | Permanent Location | Current Location | Shelving location | Date acquired | Full call number | Barcode | Date last seen | Price effective from | Koha item type |
|---|---|---|---|---|---|---|---|---|---|---|---|---|---|---|
| Computer Science | Central Library (CL) | Central Library (CL) | First Floor - Computer Science | 08/28/2013 | 370.113 BHA | NBS2168 | 08/28/2013 | 08/28/2013 | Book |
